|
|
|
|
| LEADER |
00000ny a22000003n 4500 |
| 005 |
2011062002312.0 |
| 006 |
m u |
| 007 |
cr cn||||||||| |
| 008 |
200805r20072008sp |||||s|||||||||||spa d |
| 020 |
|
|
|a 9788476987896
|
| 035 |
|
|
|a 2045
|
| 040 |
|
|
|a FlNmELB
|c FlNmELB
|d vlex
|
| 050 |
1 |
4 |
|a K1401
|b N937 2007eb
|
| 080 |
|
|
|a 347.78
|
| 090 |
|
|
|c 1357
|d 1357
|
| 245 |
0 |
0 |
|a Novedades en la Ley de Propiedad Intelectual
|h [Recurso electrn̤ico]
|c director, Carmenchu Buganza, ...[et al.]
|
| 256 |
|
|
|a Servicio en ln̕ea
|
| 260 |
|
|
|a Barcelona :
|b BOSCH EDITOR,
|c 2007
|
| 300 |
|
|
|a 7-167 p
|
| 506 |
1 |
|
|a Contenido solo disponible en los productos indicados
|d vLex Global
|d vLex Global (Academic Edition, excluding Law Schools)
|d vLex Global (U.S. Academic Edition, Law Schools)
|d vLex Global (U.S. Academic Edition, excluding Law Schools)
|d vLex Global (Academic Edition, Law Schools)
|
| 650 |
0 |
7 |
|a Propiedad intelectual
|2 Tesauro vLex
|
| 650 |
0 |
7 |
|a Civil
|2 Tesauro vLex
|
| 700 |
1 |
|
|a Buganza, Carmenchu,
|e dir
|
| 740 |
0 |
|
|a vLex Libros (Servicios en ln̕ea)
|
| 856 |
4 |
0 |
|u http://vlex.com/source/2045
|z Acceso restringido
|
| 942 |
|
|
|c BOOK
|